|
|
|
|
| LEADER |
00000cam a2200000 a 4500 |
| 001 |
vtls010063061 |
| 003 |
SK-MaSNL |
| 005 |
20260426015844.0 |
| 008 |
240318s2009 xo o g 000 0dslo |
| 015 |
|
|
|a SNBA2010/05-02817
|
| 020 |
|
|
|a 9788080838539
|q (brož.)
|
| 035 |
|
|
|a 9E61672F-7D9E-41A6-9AE5-CB9C6B649429
|
| 035 |
|
|
|a urn:nbn:sk:snk-amk9w1
|
| 035 |
|
|
|a urn:nbn:sk:snk-am008986
|
| 040 |
|
|
|a SNK
|b slo
|c SNK
|e AACR2
|
| 041 |
0 |
|
|a slo
|
| 043 |
|
|
|a e-xo---
|
| 044 |
|
|
|a xo
|c SK
|
| 072 |
|
7 |
|a 37
|x Výchova a vzdelávanie
|2 konspekt
|
| 080 |
|
|
|a 37.011.3-051
|2 2001
|
| 080 |
|
|
|a 371(091)
|2 2001
|
| 080 |
|
|
|a 929
|2 2001
|
| 080 |
|
|
|a (0:82-94)
|2 2001
|
| 080 |
|
|
|a (437.6)
|2 2001
|
| 100 |
1 |
|
|a Alberty, Július,
|d 1925-2019
|4 aut
|9 103130
|
| 245 |
1 |
0 |
|a Historik v prúde času
|b spomienky Júliusa Albertyho
|c Július Alberty
|
| 246 |
3 |
0 |
|a Spomienky Júliusa Albertyho
|
| 250 |
|
|
|a 1. vyd.
|
| 260 |
|
|
|a Banská Bystrica
|b Katedra histórie, Fakulta humanitných vied UMB
|c 2009
|
| 300 |
|
|
|a 231 s.
|b fotogr.
|c 21 cm
|
| 504 |
|
|
|a Bibliogr. odkazy
|
| 600 |
1 |
7 |
|a Alberty, Július,
|d 1925-2019
|2 SNKMA
|9 103130
|
| 650 |
0 |
7 |
|a pedagógovia
|2 SNKPH
|9 18561
|
| 650 |
0 |
7 |
|a dejiny školstva
|2 SNKPH
|9 71224
|
| 650 |
0 |
7 |
|a osobnosti
|2 SNKPH
|9 29820
|
| 650 |
0 |
7 |
|a Educationalists
|2 SNKPHeng
|9 281675
|
| 650 |
0 |
7 |
|a Education
|2 SNKPHeng
|9 265320
|
| 650 |
0 |
7 |
|a Celebrities
|2 SNKPHeng
|9 265203
|
| 651 |
|
7 |
|a Slovensko
|2 SNKPH
|9 14231
|
| 651 |
|
7 |
|a Slovakia
|2 SNKPHeng
|9 92630
|
| 655 |
|
7 |
|a autobiografické spomienky
|2 SNKPH
|9 70489
|
| 655 |
|
7 |
|a Autobiographical reminiscences
|2 SNKPHeng
|9 302514
|
| 852 |
|
|
|a Štátna vedecká knižnica v Banskej Bystrici
|
| 919 |
|
|
|a 978-80-8083-853-9
|
| 958 |
|
|
|a OND
|
| 958 |
|
|
|a NB
|
| 958 |
|
|
|a BX
|
| 958 |
|
|
|a LX
|
| 968 |
|
|
|d 37
|
| 999 |
|
|
|c 1195789
|d 1197719
|
| 952 |
|
|
|a SNK
|b SNK
|y PREZ
|7 0
|p 17A0651950
|o snkSC 139765
|i snk2010/7072
|8 0
|0 0
|1 0
|4 0
|d 2010-04-09
|l 0
|r 2025-07-08 00:00:00
|w 2026-02-24
|
| 952 |
|
|
|a SNK
|b SNK
|y VYP
|7 0
|p 17A0651951
|o snkSC 139765 D1
|i snk2010/7073
|8 0
|0 0
|1 0
|4 0
|d 2010-04-09
|f 1
|l 0
|r 2026-02-24 22:25:43
|w 2026-02-24
|